The project management communications toolkit / (Record no. 176040)
[ view plain ]
| 000 -LEADER | |
|---|---|
| fixed length control field | 01171 a2200229 4500 |
| 003 - CONTROL NUMBER IDENTIFIER | |
| control field | Nust |
| 005 - DATE AND TIME OF LATEST TRANSACTION | |
| control field | 20221010111125.0 |
| 010 ## - LIBRARY OF CONGRESS CONTROL NUMBER | |
| LC control number | 2004041033 |
| 020 ## - INTERNATIONAL STANDARD BOOK NUMBER | |
| International Standard Book Number | 1580537472 (alk. paper) |
| 040 ## - CATALOGING SOURCE | |
| Transcribing agency | Nust |
| 082 00 - DEWEY DECIMAL CLASSIFICATION NUMBER | |
| Classification number | 658.45,PRI |
| 100 1# - MAIN ENTRY--PERSONAL NAME | |
| Personal name | Pritchard, Carl L. |
| 9 (RLIN) | 99611 |
| 245 14 - TITLE STATEMENT | |
| Title | The project management communications toolkit / |
| Statement of responsibility, etc. | Carl Pritchard. |
| 260 ## - PUBLICATION, DISTRIBUTION, ETC. | |
| Place of publication, distribution, etc. | Boston, MA : |
| Name of publisher, distributor, etc. | Artech House, |
| Date of publication, distribution, etc. | 2004. |
| 300 ## - PHYSICAL DESCRIPTION | |
| Extent | ix, 205 p. : |
| Other physical details | ill. ; |
| Dimensions | 26 cm. + |
| Accompanying material | 1 CD-ROM (4 3/4 in.) |
| 490 1# - SERIES STATEMENT | |
| Series statement | Artech House effective project management library |
| 505 ## - FORMATTED CONTENTS NOTE | |
| Formatted contents note | The Nature Of Project Communications (Page-1), Project Communications Technology And Media (Page-9), Communications Tools In The Initiating Processes (Page-23), Communications Tools In The Planning Processes (Page-67), Communications Tools In The Executing Processes (Page-127), Communications Tools In The Controlling Processes (Page-153), Communications Tools In The Closing Processes (Page-181), Implementing Communications Tools (Page-197). |
| 650 #0 - SUBJECT ADDED ENTRY--TOPICAL TERM | |
| Topical term or geographic name entry element | Project management. |
| 650 #0 - SUBJECT ADDED ENTRY--TOPICAL TERM | |
| Topical term or geographic name entry element | Telecommunication Engineering |
| 830 #0 - SERIES ADDED ENTRY--UNIFORM TITLE | |
| Uniform title | Artech House effective project management series. |
| 9 (RLIN) | 94615 |
| 942 ## - ADDED ENTRY ELEMENTS (KOHA) | |
| Koha item type | Reference |
| Source of classification or shelving scheme | |
| Withdrawn status | Lost status | Source of classification or shelving scheme | Damaged status | Not for loan | Permanent Location | Current Location | Shelving location | Date acquired | Full call number | Barcode | Date last seen | Price effective from | Koha item type | Public note |
|---|---|---|---|---|---|---|---|---|---|---|---|---|---|---|
| Military College of Signals (MCS) | Military College of Signals (MCS) | Reference | 12/12/2016 | 658.45,PRI | MCS31041 | 12/08/2016 | 12/12/2016 | Reference | Almirah No.24, Shelf No.5 |
